Visión panorámica y situación actual /
Gorde:
| Egile nagusia: | |
|---|---|
| Formatua: | Texto |
| Gaiak: | |
| Etiketak: |
Etiketa erantsi
Etiketarik gabe, Izan zaitez lehena erregistro honi etiketa jartzen!
|
MARC
| LEADER | 00000 a a2200000 04500 | ||
|---|---|---|---|
| 001 | 41592 | ||
| 003 | |||
| 040 | |||
| 100 | |a Beorlegui, Carlos | ||
| 245 | |a Visión panorámica y situación actual / |c Carlos Beorlegui | ||
| 650 | |a CONOCIMIENTO/ | ||
| 650 | |a NEUROCIENCIAS/ | ||
| 650 | |a CIENCIAS DEL COMPORTAMIENTO/ | ||
| 650 | |a PSICOLOGIA/ | ||
| 650 | |a FILOSOFIA/ | ||
| 650 | |a ANTROPOLOGIA/ | ||
| 650 | |a LINGUISTICA/ | ||
| 773 | |g número111 ( , 2006), 121-160 | ||
| 999 | |c 28683 |d 28683 | ||
